Functional Neurosurgery and Neuromodulation/ (Record no. 170469)
[ view plain ]
| 000 -LEADER | |
|---|---|
| fixed length control field | 00980nam a22002777a 4500 |
| 001 - CONTROL NUMBER | |
| control field | 20566576 |
| 003 - CONTROL NUMBER IDENTIFIER | |
| control field | NUST |
| 005 - DATE AND TIME OF LATEST TRANSACTION | |
| control field | 20231024094134.0 |
| 008 - FIXED-LENGTH DATA ELEMENTS--GENERAL INFORMATION | |
| fixed length control field | 230808b |||||||| |||| 00| 0 eng d |
| 020 ## - INTERNATIONAL STANDARD BOOK NUMBER | |
| International Standard Book Number | 978-0-323-48569-2 (Paper back) |
| Terms of availability | 150 |
| 040 ## - CATALOGING SOURCE | |
| Original cataloging agency | NUST |
| Language of cataloging | eng |
| Transcribing agency | NUST |
| Modifying agency | NUST |
| Description conventions | rda |
| 050 ## - LIBRARY OF CONGRESS CALL NUMBER | |
| Classification number | RD593 RAS |
| 100 ## - MAIN ENTRY--PERSONAL NAME | |
| Relator term | Author |
| Personal name | Raslan, Ahmed M. |
| 245 ## - TITLE STATEMENT | |
| Title | Functional Neurosurgery and Neuromodulation/ |
| Statement of responsibility, etc. | Ahmed M. Raslan Associate Professor and Kim J. Burchiel Professor . |
| 260 ## - PUBLICATION, DISTRIBUTION, ETC. | |
| Place of publication, distribution, etc. | St. Louis: |
| Name of publisher, distributor, etc. | Elsevier, |
| Date of publication, distribution, etc. | 2019. |
| 300 ## - PHYSICAL DESCRIPTION | |
| Extent | |a xii,289 pages: |
| Other physical details | |b illustrations; |
| Dimensions | |c 23 cm. |
| 336 ## - CONTENT TYPE | |
| Source | rdacontent |
| Content type term | text |
| Content type code | txt |
| 337 ## - MEDIA TYPE | |
| Source | rda media |
| Media type term | unmediated |
| Media type code | n |
| 338 ## - CARRIER TYPE | |
| Source | rdamedia |
| Carrier type term | volume |
| Carrier type code | nc |
| 504 ## - BIBLIOGRAPHY, ETC. NOTE | |
| Bibliography, etc. note | Includes Bibliographical References and Index. |
| 650 ## - SUBJECT ADDED ENTRY--TOPICAL TERM | |
| General subdivision | Nervous System Surgery |
| 650 ## - SUBJECT ADDED ENTRY--TOPICAL TERM | |
| Form subdivision | Neurotransmitters |
| 650 ## - SUBJECT ADDED ENTRY--TOPICAL TERM | |
| Form subdivision | Neural Transmission |
| 700 ## - ADDED ENTRY--PERSONAL NAME | |
| Relator term | Author |
| Personal name | Burchel, Kim J. |
| 942 ## - ADDED ENTRY ELEMENTS (KOHA) | |
| Source of classification or shelving scheme | Library of Congress Classification |
| Koha item type | Ordinary Loan Books |
| Classification part | RD593 |
| Call number prefix | RD |
| Call number suffix | RAS |
| Suppress in OPAC | No |
| Date last seen | Total Checkouts | Full call number | Barcode | Accession number | Cost, replacement price | Price effective from | Koha item type | Lost status | Source of classification or shelving scheme | Damaged status | Not for loan | Collection | Withdrawn status | Home library | Current library | Shelving location | Date acquired | Source of acquisition | Cost, normal purchase price |
|---|---|---|---|---|---|---|---|---|---|---|---|---|---|---|---|---|---|---|---|
| 08/08/2023 | RD593 BUR | 92004052999 | 57898 | 150.00 | 08/08/2023 | BOOKS | lcc | NFIC | MAIN | MAIN | GEN | 08/08/2023 | Book Aid International | 150.00 |